| 000 | 00546nam a2200217Ia 4500 | ||
|---|---|---|---|
| 003 | OSt | ||
| 005 | 20250308093942.0 | ||
| 008 | 210210b1979 xxu||||| |||| 00| 0 eng d | ||
| 020 | _a0 7092 0149 4 | ||
| 040 | _cAL | ||
| 041 | _aEnglish | ||
| 082 | _a797.2 DIAE | ||
| 100 |
_aDIAGRAM GROUP. _9205037 |
||
| 245 | _aEnjoying swimming and diving. | ||
| 260 |
_aNew York. _bPaddington Press Ltd., _c1979 |
||
| 300 | _a160 | ||
| 650 |
_aSwimming _9205038 |
||
| 690 |
_aAthletic & Outdoor Sports _9205039 |
||
| 906 | _aSG02373 | ||
| 942 |
_2ddc _cBK |
||
| 999 |
_c113241 _d113241 |
||